00435nam a2200145 i 4500001000300000245005000003260004300053300001200096490006100108830005300169040000800222041000800230080001000238008004100248bg 0aFotojadernye reakcii i nakopiteli častič. aMoskva :bIzdatel'stvo "Nauka",c1964. as. 295.1 aTrudy Fiziceskogo Instytuta im. P. I. Lebedeva ;vTom 22 aTrudy Fiziceskogo Instytuta im. P. I. Lebedeva ; cBPK apol a539.1 s pl f |000 0 pol